Irrigation engineering and hydraulic structures (Record no. 107)
[ view plain ]
| 000 -LEADER | |
|---|---|
| fixed length control field | 00492cam a2200217ua 4500 |
| 041 ## - LANGUAGE CODE | |
| Language code of text/sound track or separate title | eng |
| 082 ## - DEWEY DECIMAL CLASSIFICATION NUMBER | |
| Classification number | 627.52 |
| Item number | SAH/IR |
| 100 ## - MAIN ENTRY--AUTHOR NAME | |
| Personal name | Sahasrabudhe, S R . |
| 245 ## - TITLE STATEMENT | |
| Title | Irrigation engineering and hydraulic structures |
| 250 ## - EDITION STATEMENT | |
| Edition statement | 5 / |
| 260 ## - PUBLICATION, DISTRIBUTION, ETC. (IMPRINT) | |
| Place of publication | Ludhiana : |
| Name of publisher | Katson publishing house , |
| Year of publication | 1985. |
| 300 ## - PHYSICAL DESCRIPTION | |
| Number of Pages | 256 ; . |
| 942 ## - ADDED ENTRY ELEMENTS (KOHA) | |
| Koha item type | Books |
| 003 - CONTROL NUMBER IDENTIFIER | |
| control field | @ |
| 003 - CONTROL NUMBER IDENTIFIER | |
| control field | OSt |
| Withdrawn status | Lost status | Damaged status | Home library | Current library | Date acquired | Full call number | Accession Number | Koha item type | Source of acquisition |
|---|---|---|---|---|---|---|---|---|---|
| Damaged | KAUAET | KAUAET | 20/08/1986 | 627.52 | 15436 | Books | |||
| KAUAET | KAUAET | 07/04/2012 | 627.52 SAH/IR | 15937 | Books | ||||
| KAUAET | KAUAET | 30/03/2013 | 631.587 SAH/IR | 24066 | Books | Aman Book Stall, Calicut |
